[Event "TSG Oberschöneweide-Hamburger SK von 1830"]
[Site "Binz"]
[Date "2024.09.08"]
[Round "4.3"]
[White "Blome, Antonia"]
[Black "Vogt, Luna"]
[Result "0-1"]
[WhiteElo "1181"]
[BlackElo "1735"]
[Time "14:30:00"]
[Board "3"]
[WhiteTeam "Hamburger SK von 1830"]
[BlackTeam "TSG Oberschöneweide"]
[Annotator "Rnd./Pair./Board: 04.002.03"]

1.d4 d5 2.Nf3 e6 3.Bf4 Nf6 4.c3 c5 5.e3 Nc6 6.Nbd2 Bd6 7.Ne5 O-O 8.Bd3 Ne7
9.O-O Ng6 10.Nxg6 hxg6 11.Be5 Qe7 12.Qe2 Bd7 13.f4 Kh7 14.Nf3 Rh8 15.Bxd6 
Qxd6 16.Ne5 Be8 17.h3 Kg8 18.Kh2 Qe7 19.Rg1 Nd7 20.Raf1 f5 21.Qf2 Nxe5 22.
dxe5 Bc6 23.g4 Kf7 24.gxf5 gxf5 25.Qg3 Rag8 26.Qg6+ Kf8 27.Qg5 Qxg5 28.
Rxg5 g6 29.Rfg1 Be8 30.Bc2 Rg7 31.a4 Rc7 32.R1g2 Rhh7 33.b3 Rhd7 34.c4 d4 
35.exd4 Rxd4 36.Rf2 Rcd7 37.Rgg2 Rd8 38.Kg1 Kf7 39.Rh2 Bc6 40.a5 Ke7 41.
Kf1 Rh8 42.Ke1 Rh4 43.Ke2 Rhxf4 44.Rxf4 Rxf4 45.h4 Rg4 46.h5 gxh5 47.Bd3 
h4 48.Kf2 Rd4 49.Ke3 f4+ 50.Ke2 f3+ 51.Ke3 Kf7 52.Bc2 Kg7 53.Bd3 Kh6 54.
Bc2 Kg5 55.Bh7 Kg4 56.Bg8 Kf5 57.Bh7+ Kxe5 58.Bg6 Rf4 59.Bd3 Rg4 60.Kf2 
Kf4 61.Bf1 Kg5 62.Bh3 Rd4 63.Ke3 Rd1 64.Kf2 Rd2+ 65.Kg1 Rxh2 66.Kxh2 e5 
67.Kg1 e4 68.Kf2 Kf4 69.Be6 e3+ 70.Ke1 f2+ 71.Kf1 Kf3 72.Bd5+ Bxd5 73.cxd5
e2# 0-1

[Event "TSG Oberschöneweide-Hamburger SK von 1830"]
[Site "Binz"]
[Date "2024.09.08"]
[Round "4.4"]
[White "Weng, Yueyi Elina"]
[Black "Einacker, Lina"]
[Result "1-0"]
[WhiteElo "1750"]
[BlackElo "1159"]
[Time "14:30:00"]
[Board "4"]
[WhiteTeam "TSG Oberschöneweide"]
[BlackTeam "Hamburger SK von 1830"]
[Annotator "Rnd./Pair./Board: 04.002.04"]

1.e4 e5 2.Nf3 Nc6 3.Bc4 Bc5 4.c3 Nf6 5.d3 O-O 6.Nbd2 d6 7.Nf1 Be6 8.Bb3 
Ne7 9.Ng3 Ng6 10.O-O Qd7 11.d4 exd4 12.cxd4 Bb6 13.d5 Bg4 14.h3 Bxf3 15.
Qxf3 Qe7 16.Bg5 Bd4 17.Nf5 Qe5 18.Bxf6 Qxf6 19.Nxd4 Qxd4 20.Rac1 Ne5 21.
Qe2 c5 22.dxc6 Nxc6 23.Rfd1 Qe5 24.Bd5 Nb4 25.Bxb7 Nxa2 26.Ra1 Rab8 27.Qa6
Nb4 28.Qxa7 Qxb2 29.Rab1 Qa2 30.Qxa2 Nxa2 31.Rxd6 Nc3 32.Rbb6 g6 33.e5 
Ne2+ 34.Kf1 Nf4 35.Be4 Rxb6 36.Rxb6 Re8 37.Rb5 Rc8 38.Kg1 Re8 39.Kh2 f6 
40.g3 Ne2 41.Bd5+ Kf8 42.exf6 Nc3 43.Rc5 Nxd5 44.Rxd5 h6 45.Rd7 Re6 46.f7 
Rf6 47.Kg2 h5 48.h4 Rf5 49.f3 g5 50.hxg5 Rxg5 51.Kh3 Rf5 52.f4 Rf6 53.Kh4 
Rf5 54.g4 Rxf4 55.Kxh5 Kg7 56.g5 Rf1 57.f8=Q+ Kxf8 58.Kg6 Ke8 59.Ra7 Kf8 
60.Ra8+ Ke7 61.Kg7 Rf7+ 62.Kh6 Rf2 63.g6 Rg2 64.Kg7 Rf2 65.Kg8 Rg2 66.g7 
Kf6 67.Rf8+ Ke7 68.Rf7+ Ke8 69.Rf5 Re2 70.Rh5 Re7 71.Kh8 1-0

[Event "Schachzwerge Magdeburg-TuS Makkabi Rostock"]
[Site "Binz"]
[Date "2024.09.08"]
[Round "4.1"]
[White "Janssen, Julika"]
[Black "Hoffmann, Svenja"]
[Result "0-1"]
[WhiteElo "1438"]
[BlackElo "1645"]
[Time "14:30:00"]
[Board "1"]
[WhiteTeam "TuS Makkabi Rostock"]
[BlackTeam "Schachzwerge Magdeburg"]
[Annotator "Rnd./Pair./Board: 04.003.01"]

1.d4 d5 2.Nf3 Nf6 3.Bf4 Bf5 4.e3 e6 5.c3 c5 6.Bd3 Bg6 7.h3 Bd6 8.Ne5 Qc7 
9.Bxg6 hxg6 10.Nd2 Nc6 11.Ndf3 O-O 12.O-O Nh5 13.Bh2 Ne7 14.Qc2 Nf6 15.Nd2
b5 16.a3 a5 17.Rfc1 Nd7 18.Ndf3 Rfc8 19.Nxd7 Bxh2+ 20.Nxh2 Qxd7 21.Nf3 f6 
22.e4 Kf7 23.Qe2 c4 24.e5 Rab8 25.Rab1 b4 26.axb4 axb4 27.Qd2 Rb7 28.b3 
bxc3 29.Rxc3 Rcb8 30.Qc2 Nc6 31.Nd2 Nxd4 32.Qd1 Nxb3 33.Nxb3 cxb3 34.Rcxb3
Rb5 35.exf6 gxf6 36.Qc2 Rxb3 37.Rxb3 Rxb3 38.Qxb3 Qc7 39.Qb5 d4 40.Qb3 f5 
41.f3 Qc3 42.Qb7+ Kf6 43.Qd7 Qc5 44.Qd8+ Ke5 45.Qb8+ Kd5 46.Qd8+ Kc4 47.
Qa8 d3+ 48.Kf1 Kb3 49.Qa1 Qc2 50.Qd4 Qe2+ 51.Kg1 Kc2 52.Qc4+ Kd1 53.Qa4+ 
Qc2 54.Qa1+ Qc1 55.Qe5 Kc2+ 56.Kf2 d2 57.Qe2 Kb1 58.Qd3+ Qc2 59.Qb5+ Kc1 
0-1

[Event "Schachzwerge Magdeburg-TuS Makkabi Rostock"]
[Site "Binz"]
[Date "2024.09.08"]
[Round "4.2"]
[White "Rössling, Laura Marie"]
[Black "Urban, Mila"]
[Result "1-0"]
[WhiteElo "1624"]
[BlackElo "1180"]
[Time "14:30:00"]
[Board "2"]
[WhiteTeam "Schachzwerge Magdeburg"]
[BlackTeam "TuS Makkabi Rostock"]
[Annotator "Rnd./Pair./Board: 04.003.02"]

1.e4 e5 2.Nf3 Nc6 3.Bc4 Bc5 4.c3 d6 5.d3 Nf6 6.Nbd2 O-O 7.h3 h6 8.b4 Bb6 
9.O-O Ne7 10.Bb3 a6 11.Re1 Ng6 12.Nf1 Nh5 13.Bc4 Ngf4 14.d4 Qf6 15.Ne3 
Nxh3+ 16.gxh3 Bxh3 17.Bf1 Bd7 18.dxe5 Qg6+ 19.Ng2 Qg3 20.Be3 Bxe3 21.Rxe3 
Qg4 22.exd6 Nf4 23.Qd2 Bb5 24.Nh2 Nh3+ 25.Kh1 Qd7 26.Bxb5 axb5 27.Rg3 Ng5 
28.Ng4 Nxe4 29.Nxh6+ Kh8 30.Nxf7+ Rxf7 31.Qe3 Nxg3+ 32.Qxg3 Qxd6 33.Qe3 
Qh6+ 34.Qxh6+ gxh6 35.Kg1 Raf8 36.Rf1 Rf3 37.Ne3 Rg8+ 38.Kh2 Rd8 39.Kg2 
Rff8 40.Rh1 Rg8+ 41.Kf3 Kh7 42.Rh5 Rg5 43.Rh1 Rd2 44.Ng4 Rg6 45.Rh5 Rxa2 
46.Rxb5 b6 47.Rd5 c6 48.Rd7+ Kh8 49.Rd8+ Rg8 50.Rd6 Rf8+ 51.Ke3 Re8+ 52.
Kd3 Kg7 53.Rxh6 Rd8+ 54.Kc4 b5+ 55.Kc5 Ra6 56.Rxc6 Rxc6+ 57.Kxc6 Rb8 58.
Ne5 Re8 59.Nd7 Re2 60.Kxb5 Rxf2 61.c4 Kf7 62.c5 Rf5 63.Kb6 Ke7 64.c6 Kd8 
65.Kb7 Rb5+ 66.Nb6 Rxb4 67.c7+ Ke7 68.c8=Q 1-0

[Event "Schachzwerge Magdeburg-TuS Makkabi Rostock"]
[Site "Binz"]
[Date "2024.09.08"]
[Round "4.3"]
[White "Pommerehncke, Marla"]
[Black "Breja, Eva"]
[Result "1/2-1/2"]
[WhiteElo "1081"]
[BlackElo "1556"]
[Time "14:30:00"]
[Board "3"]
[WhiteTeam "TuS Makkabi Rostock"]
[BlackTeam "Schachzwerge Magdeburg"]
[Annotator "Rnd./Pair./Board: 04.003.03"]

1.d4 d5 2.Nf3 Nf6 3.Bf4 Bf5 4.e3 e6 5.c3 c5 6.Bd3 Bg6 7.h3 Bd6 8.Bxd6 Qxd6
9.Ne5 Bxd3 10.Qxd3 Nc6 11.Nf3 O-O 12.Nbd2 c4 13.Qc2 b5 14.O-O b4 15.b3 
bxc3 16.Qxc3 cxb3 17.axb3 Rac8 18.Qb2 Nb4 19.Qb1 Rc7 20.Rc1 Rfc8 21.Rxc7 
Rxc7 22.Ne1 Qc6 23.Ra4 Qc3 24.Ndf3 Ne4 25.h4 Nd2 26.Nxd2 Qxd2 27.Ra1 Nc2 
28.Nxc2 Rxc2 29.Qf1 f6 30.Rd1 Qc3 31.Qb5 1/2-1/2

[Event "Schachzwerge Magdeburg-TuS Makkabi Rostock"]
[Site "Binz"]
[Date "2024.09.08"]
[Round "4.4"]
[White "Funke, Luise"]
[Black "Brandauer, Pia Marie"]
[Result "1-0"]
[WhiteElo "1491"]
[BlackElo "858"]
[Time "14:30:00"]
[Board "4"]
[WhiteTeam "Schachzwerge Magdeburg"]
[BlackTeam "TuS Makkabi Rostock"]
[Annotator "Rnd./Pair./Board: 04.003.04"]

1.e4 e5 2.Nf3 Nc6 3.Bc4 Bc5 4.c3 Nf6 5.d4 exd4 6.e5 Ne4 7.Bd5 dxc3 8.Bxe4 
cxb2 9.Bxb2 O-O 10.O-O Qe7 11.Re1 d6 12.exd6 Qxd6 13.Qc2 g6 14.Qc3 Nd4 15.
Nxd4 Bxd4 16.Qxd4 Qxd4 17.Bxd4 Re8 18.Nd2 Bd7 19.Nf3 Rad8 20.Bxa7 b6 21.a4
Bg4 22.a5 Rd6 23.h3 Bxf3 24.Bxf3 Rde6 25.Rxe6 Rxe6 26.Bb8 Re7 27.axb6 cxb6
28.Bf4 b5 29.Bh6 b4 30.Ra8+ Re8 31.Rxe8# 1-0

[Event "TuS Makkabi Rostock-TSG Oberschöneweide"]
[Site "Binz"]
[Date "2024.09.09"]
[Round "5.1"]
[White "Lorenz, Veronika"]
[Black "Janssen, Julika"]
[Result "1-0"]
[WhiteElo "1884"]
[BlackElo "1438"]
[Time "08:00:00"]
[Board "1"]
[WhiteTeam "TSG Oberschöneweide"]
[BlackTeam "TuS Makkabi Rostock"]
[Annotator "Rnd./Pair./Board: 05.002.01"]

1.e4 c5 2.Nf3 e6 3.d4 cxd4 4.Nxd4 a6 5.c4 Qc7 6.Nc3 d6 7.Be3 Nf6 8.Be2 Be7
9.O-O O-O 10.Qd2 Rd8 11.Rac1 Nbd7 12.Rfd1 Nf8 13.b3 Ng6 14.f4 e5 15.Nf5 
exf4 16.Bxf4 Nxf4 17.Qxf4 Bxf5 18.exf5 Re8 19.Bf3 Rad8 20.Bd5 h6 21.Qf3 b6
22.Re1 Qc5+ 23.Kh1 Nxd5 24.Nxd5 Bg5 25.Rcd1 f6 26.Qg3 Rxe1+ 27.Qxe1 Kh7 
28.h4 Bxh4 29.Qxh4 Re8 30.Re1 Rxe1+ 31.Qxe1 b5 32.Qe3 Qc8 33.Ne7 Qe8 34.
Qe6 bxc4 35.bxc4 a5 36.Qxd6 Qh5+ 37.Kg1 Qh4 38.Ng6 Qg5 39.Qe6 1-0

[Event "TuS Makkabi Rostock-TSG Oberschöneweide"]
[Site "Binz"]
[Date "2024.09.09"]
[Round "5.2"]
[White "Urban, Mila"]
[Black "Fock, Madiha"]
[Result "0-1"]
[WhiteElo "1180"]
[BlackElo "1960"]
[Time "08:00:00"]
[Board "2"]
[WhiteTeam "TuS Makkabi Rostock"]
[BlackTeam "TSG Oberschöneweide"]
[Annotator "Rnd./Pair./Board: 05.002.02"]

1.d4 Nf6 2.Nf3 g6 3.Bf4 Bg7 4.e3 O-O 5.Be2 c5 6.c3 b6 7.O-O Bb7 8.Nbd2 d6 
9.h3 Nbd7 10.a4 Qc7 11.Nc4 Rfc8 12.Ne1 Rab8 13.Bf3 Bxf3 14.Qxf3 cxd4 15.
Na3 dxc3 16.Nb5 cxb2 17.Rb1 Qb7 18.Qe2 Nd5 19.Bg3 a6 20.Na3 Nc3 21.Qxb2 
Nxb1 22.Qxb1 Rc3 23.Qa2 b5 24.axb5 axb5 25.Nf3 b4 26.Ng5 b3 27.Qb1 Nc5 28.
e4 Ra8 29.Bf4 Rxa3 30.Bc1 Rxc1 31.Rxc1 b2 32.Rf1 Ra1 33.Qc2 Rxf1+ 34.Kh2 
b1=Q 35.Qc4 Be5+ 36.f4 Bxf4+ 37.g3 Rf2# 0-1

[Event "TuS Makkabi Rostock-TSG Oberschöneweide"]
[Site "Binz"]
[Date "2024.09.09"]
[Round "5.3"]
[White "Weng, Yueyi Elina"]
[Black "Pommerehncke, Marla"]
[Result "1-0"]
[WhiteElo "1750"]
[BlackElo "1081"]
[Time "08:00:00"]
[Board "3"]
[WhiteTeam "TSG Oberschöneweide"]
[BlackTeam "TuS Makkabi Rostock"]
[Annotator "Rnd./Pair./Board: 05.002.03"]

1.e4 e5 2.Nf3 Nc6 3.Bc4 Bc5 4.c3 Nf6 5.d3 h6 6.Nbd2 d6 7.Nf1 Be6 8.Bb3 a6 
9.Ng3 Ne7 10.O-O O-O 11.Nh4 Qe8 12.d4 exd4 13.cxd4 Bb4 14.f4 c6 15.f5 Bxb3
16.Qxb3 Ba5 17.e5 dxe5 18.dxe5 Nfd5 19.f6 Ng6 20.fxg7 Kxg7 21.Ngf5+ Kh7 
22.Qh3 Nxh4 23.Qxh4 Qe6 24.Bxh6 Bb6+ 25.Kh1 Rfe8 26.Bg7+ Kg8 27.Qh8# 1-0

[Event "TuS Makkabi Rostock-TSG Oberschöneweide"]
[Site "Binz"]
[Date "2024.09.09"]
[Round "5.4"]
[White "Brandauer, Pia Marie"]
[Black "Le, Thao-Linh"]
[Result "0-1"]
[WhiteElo "858"]
[BlackElo "1510"]
[Time "08:00:00"]
[Board "4"]
[WhiteTeam "TuS Makkabi Rostock"]
[BlackTeam "TSG Oberschöneweide"]
[Annotator "Rnd./Pair./Board: 05.002.04"]

1.e4 e5 2.Nf3 Nf6 3.Nc3 Bb4 4.Nxe5 O-O 5.Bc4 Bxc3 6.dxc3 d5 7.exd5 Re8 8.
Bf4 Ng4 9.O-O Nxe5 10.Bb3 Bf5 11.Re1 Nbd7 12.c4 Rc8 13.c3 Ng6 14.Qd2 Rxe1+
15.Rxe1 Nc5 16.Bd1 Nd3 17.Re3 Ngxf4 18.Rf3 Qd7 19.Qe3 Re8 20.Qd2 Re1+ 21.
Qxe1 Nxe1 22.Rxf4 Nd3 23.Rd4 Qe7 24.h3 Qe1+ 25.Kh2 Qxd1 26.d6 cxd6 27.Rxd6
g6 28.Rd8+ Kg7 29.Rb8 b6 30.Ra8 Qa4 31.b3 Qxa2 0-1

[Event "Hamburger SK von 1830-SC Borussia Lichtenberg"]
[Site "Binz"]
[Date "2024.09.09"]
[Round "5.1"]
[White "Hasselmann, Isabelle Sophia"]
[Black "Krasikova, Milana"]
[Result "1-0"]
[WhiteElo "1614"]
[BlackElo "1561"]
[Time "08:00:00"]
[Board "1"]
[WhiteTeam "SC Borussia Lichtenberg"]
[BlackTeam "Hamburger SK von 1830"]
[Annotator "Rnd./Pair./Board: 05.003.01"]

1.e4 c5 2.Nc3 e6 3.f4 a6 4.a4 Nf6 5.Nf3 Qc7 6.d3 b6 7.Be2 Bb7 8.O-O Nc6 9.
Bd2 O-O-O 10.e5 Nd5 11.Ng5 d6 12.Nxd5 exd5 13.e6 Re8 14.exf7 Re7 15.Bg4+ 
Kb8 16.Ne6 Qc8 17.Nxc5 Qc7 18.Ne6 Qc8 19.Nxg7 Qd8 20.Ne6 Qc8 21.Bc3 Rxe6 
22.Bxe6 Qxe6 23.Bxh8 Qxf7 24.Qe2 Bh6 25.f5 Ne7 26.Qe6 Qxe6 27.fxe6 Bc8 28.
Rf7 Be3+ 29.Kf1 Ng6 30.e7 Bd7 31.Re1 Nxh8 32.Rf8+ Ka7 33.Rxe3 Ng6 34.Rd8 
Bc6 35.e8=Q Bxe8 36.Rexe8 a5 37.Rd7+ Ka6 38.Ra8# 1-0

[Event "Hamburger SK von 1830-SC Borussia Lichtenberg"]
[Site "Binz"]
[Date "2024.09.09"]
[Round "5.3"]
[White "Helmke, Zoé"]
[Black "Yan, Jenny"]
[Result "1/2-1/2"]
[WhiteElo "1243"]
[BlackElo "1501"]
[Time "08:00:00"]
[Board "3"]
[WhiteTeam "SC Borussia Lichtenberg"]
[BlackTeam "Hamburger SK von 1830"]
[Annotator "Rnd./Pair./Board: 05.003.03"]

1.d4 Nf6 2.Nf3 g6 3.e3 Bg7 4.Bd3 d6 5.O-O O-O 6.Nbd2 Nc6 7.c3 Re8 8.e4 e5 
9.Re1 exd4 10.cxd4 Bd7 11.e5 dxe5 12.dxe5 Ng4 13.Nc4 Ngxe5 14.Ncxe5 Nxe5 
15.Nxe5 Rxe5 16.Rxe5 Bxe5 17.Qb3 Bc6 18.Be3 Qf6 19.Rb1 Rd8 20.Bc4 Bd4 21.
Rd1 Kf8 22.Bxd4 Rxd4 23.Rxd4 Qxd4 24.h3 Qe4 25.f3 Qe1+ 26.Kh2 Qe5+ 27.Kg1 
Qe7 28.Qc3 Qc5+ 29.Kh2 Qd6+ 30.Kg1 Qc5+ 31.Kh2 Qd6+ 32.Kg1 Kg8 33.a3 b6 
34.b4 Bd7 35.Bb3 1/2-1/2

[Event "Hamburger SK von 1830-SC Borussia Lichtenberg"]
[Site "Binz"]
[Date "2024.09.09"]
[Round "5.4"]
[White "Einacker, Lina"]
[Black "Schumacher, Barbara"]
[Result "1-0"]
[WhiteElo "1159"]
[BlackElo "1560"]
[Time "08:00:00"]
[Board "4"]
[WhiteTeam "Hamburger SK von 1830"]
[BlackTeam "SC Borussia Lichtenberg"]
[Annotator "Rnd./Pair./Board: 05.003.04"]

1.e4 c5 2.Nf3 Nc6 3.Bb5 Nf6 4.d3 e6 5.O-O d5 6.Ne5 Bd7 7.Nxd7 Qxd7 8.e5 a6
9.Bxc6 Qxc6 10.exf6 gxf6 11.Re1 h5 12.Qf3 f5 13.Qxf5 h4 14.h3 c4 15.Qe5 
Rg8 16.dxc4 dxc4 17.Qe4 Qc7 18.Nc3 Bc5 19.Nd5 Qg3 20.Be3 Bxe3 21.Rxe3 Qd6 
22.Nf6+ Ke7 23.Nxg8+ Rxg8 24.Qxh4+ Kf8 25.Qxc4 Qb6 26.Qc8+ Ke7 27.Qxg8 
Qxb2 28.Rd1 Qxc2 29.Qd8# 1-0